000 00583nam a2200205 a 4500
005 20140310183146.0
008 020823s19uu xx 00 eng d
020 _a0471146609
050 _aHD 31
_b.Ob27 1996
100 _aO'Brien, Virginia
245 _aThe fast forward MBA in business /
_cVirginia O'Brien.
260 _aNew York :
_bJohn Wiley & Sons,
_c1996.
300 _axx, 260 p. :
_bcol. ill. ;
_c26 cm.
521 _aBSBA
650 _aIndustrial management
650 _aleadership
650 _aStrategic planning
942 _cBK
_2lcc
_kFOR
999 _c19540
_d19540